[Event "Bosnjaci op 27th"]
[Site "Bosnjaci"]
[Date "2023.01.03"]
[Round "1"]
[White "Vrapcenjak, Luka"]
[Black "Runic, Zoran"]
[Result "0-1"]
[WhiteElo "1745"]
[BlackElo "2289"]
[PlyCount "60"]
[EventDate "2023.01.03"]
[EventType "swiss"]
[EventRounds "9"]
[EventCountry "CRO"]
[SourceTitle "CBM 212 Extra"]
[Source "ChessBase"]
[SourceDate "2023.03.31"]
[SourceVersion "1"]
[SourceVersionDate "2023.03.31"]
[SourceQuality "1"]

1. e4 d6 2. d4 Nf6 3. Nc3 e5 4. dxe5 dxe5 5. Qxd8+ Kxd8 6. Bg5 Nbd7 7. 0-0-0 a6 8. Nf3 Bd6 9. Bc4 Ke8 10. Rhe1 b5 11. Bd5 Nxd5 12. exd5 f6 13. Be3 Bb7 14. Ne4 Kf7 15. h4 Rhd8 16. g4 Nb6 17. Nxd6+ Rxd6 18. Bc5 Rxd5 19. Rxd5 Nxd5 20. Nd2 Rd8 21. g5 Nf4 22. f3 Ke6 23. Be3 Ng2 24. Re2 Nxh4 25. f4 fxg5 26. fxe5 h6 27. Nb3 Bf3 28. Nc5+ Kf5 29. Re1 Ng2 30. Rf1 g4 0-1

[Event "Solta op 4th"]
[Site "Grohote"]
[Date "2021.08.13"]
[Round "7"]
[White "Vrapcenjak, Luka"]
[Black "Takac, Zvonko"]
[Result "0-1"]
[WhiteElo "1759"]
[BlackElo "2044"]
[PlyCount "44"]
[EventDate "2021.08.08"]
[EventType "swiss"]
[EventRounds "9"]
[EventCountry "CRO"]
[SourceTitle "CBM 203 Extra"]
[Source "ChessBase"]
[SourceDate "2021.09.30"]
[SourceVersion "1"]
[SourceVersionDate "2021.09.30"]
[SourceQuality "1"]

1. e4 e5 2. f4 d6 3. Nf3 Nc6 4. Bc4 Be7 5. 0-0 Nf6 6. Nc3 0-0 7. f5 Nxe4 8. Nxe4 d5 9. Ng3 dxc4 10. Qe2 Qd5 11. b3 cxb3 12. axb3 Nd4 13. Qc4 Qxc4 14. bxc4 Nxc2 15. Ra2 Nb4 16. Ra1 f6 17. d4 Nc2 18. Rb1 Nxd4 19. Nxd4 exd4 20. Rd1 c5 21. Bf4 Kf7 22. Kf2 b6 0-1